Welcome to CU Library Online Public Access Catalogue (OPAC)

Teaching and Learning Community Medicine/ (Record no. 2870)

MARC details
000 -LEADER
fixed length control field 00463nam a22001457a 4500
005 - DATE AND TIME OF LATEST TRANSACTION
control field 20250123081219.0
008 - FIXED-LENGTH DATA ELEMENTS--GENERAL INFORMATION
fixed length control field 250123b |||||||| |||| 00| 0 eng d
020 ## - INTERNATIONAL STANDARD BOOK NUMBER
International Standard Book Number 9788174731746
050 ## - LIBRARY OF CONGRESS CALL NUMBER
Classification number RA425 KHA
100 ## - MAIN ENTRY--PERSONAL NAME
Personal name Khamgaonkar, M. B.
245 ## - TITLE STATEMENT
Title Teaching and Learning Community Medicine/
Remainder of title between the lines
Statement of responsibility, etc. M. B. Khamgaonkar
260 ## - PUBLICATION, DISTRIBUTION, ETC.
Place of publication, distribution, etc. Krishan Nagar
Name of publisher, distributor, etc. A.I.T.B.S. Publishers & Distributors
Date of publication, distribution, etc. 2005
300 ## - PHYSICAL DESCRIPTION
Extent ix. 149p.
Other physical details ill.
Dimensions 21.5cm
942 ## - ADDED ENTRY ELEMENTS (KOHA)
Source of classification or shelving scheme Library of Congress Classification
Koha item type Books
Suppress in OPAC No
999 ## -
-- 2870
-- 2870
Holdings
Withdrawn status Lost status Source of classification or shelving scheme Damaged status Not for loan Collection Home library Current library Shelving location Date acquired Total checkouts Full call number Barcode Date last seen Copy number Price effective from Koha item type
    Library of Congress Classification     Non-fiction Science Library (Miotso) Science Library (Miotso) General stacks 01/23/2025   RA425 KHA SLM00002224 01/23/2025 1 01/23/2025 Books
    Library of Congress Classification     Non-fiction Science Library (Miotso) Science Library (Miotso) General stacks 01/23/2025   RA425 KHA SLM00002225 01/23/2025 2 01/23/2025 Books
    Library of Congress Classification     Non-fiction Science Library (Miotso) Science Library (Miotso) General stacks 01/23/2025   RA425 KHA SLM00002226 01/23/2025 3 01/23/2025 Books
© 2023-2024 Copyright: Central University Libraries. All Rights Reserved | Created by: Mahone Tech Office